Mario Games Without "Mario" in the Title - Statistics

General Stats
  • This quiz has been taken 121 times
  • The average score is 4 of 8
Answer Stats
Console Game % Correct
Gamecube Luigi's Mansion
87%
Switch Luigi's Mansion 3
76%
3DS Luigi's Mansion: Dark Moon
76%
DS Super Princess Peach
55%
WiiU New Super Luigi U
53%
WiiU Captain Toad: Treasure Tracker
40%
WiiU Dr. Luigi
25%
Gameboy Picross 2
14%
No matching quizzes found
Score Distribution
Percent of People with Each Score
Percentile by Number Answered
Your Score History
You have not taken this quiz